00438cam a2200157ua 45000010005000000080039000050400009000440820013000531000031000662450060000972500009001572600033001663000017001996530024002166530040002403790111206n ii |||gr||||Z||||||asm cMAIN a891.4514 aBorkataky, Biren,eAuthor.11aAsamiya sahitya sanskritir duti aticby Biren Borkataky a1st. aSibsagarh:bDeka Agency,970. a144p:c23cm. aAssamese literature aAsamiya sahitya sanskritir duti ati